Kỹ thuật tách hỗn hợp nhiều cấu tử : Giáo trình dùng cho sinh viên và học viên cao học ngành kỹ thuật hoá học của các trường Đại học kỹ thuật Tập 2 Tính toán và thiết kế
Nội dung trình bày các phương pháp tính toán, thiết kế và vận hành các quá trình và thiết bị tách các hỗn hợp nhiều cấu tử như các quá trình và thiết bị lọc dầu, các hệ thống tách hỗn hợp khí đã hoá lỏng......
Gardado en:
| Autor Principal: | |
|---|---|
| Formato: | Libro |
| Idioma: | Vietnamese |
| Publicado: |
H.
Bách khoa Hà Nội
2011
|
| Edición: | Xuất bản lần thứ 2, có chỉnh sửa và bổ sung |
| Các nhãn: |
Engadir etiqueta
Sen Etiquetas, Sexa o primeiro en etiquetar este rexistro!
|
| Thư viện lưu trữ: | Thư viện Trường Đại học Nam Cần Thơ |
|---|
| LEADER | 01640aam a22002178a 4500 | ||
|---|---|---|---|
| 001 | NCT_1326 | ||
| 008 | 111011s2011 ||||||viesd | ||
| 999 | |c 69 |d 69 | ||
| 020 | |c 145000 | ||
| 082 | 0 | 4 | |2 23rd ed. |a 660 |b T513/T.2 |
| 100 | 1 | |a Nguyễn Hữu Tùng | |
| 245 | 1 | 0 | |a Kỹ thuật tách hỗn hợp nhiều cấu tử : |b Giáo trình dùng cho sinh viên và học viên cao học ngành kỹ thuật hoá học của các trường Đại học kỹ thuật |n Tập 2 |p Tính toán và thiết kế |c Nguyễn Hữu Tùng |
| 250 | |a Xuất bản lần thứ 2, có chỉnh sửa và bổ sung | ||
| 260 | |a H. |b Bách khoa Hà Nội |c 2011 | ||
| 300 | |a 563tr. |b minh hoạ |c 27cm | ||
| 520 | 3 | |a Nội dung trình bày các phương pháp tính toán, thiết kế và vận hành các quá trình và thiết bị tách các hỗn hợp nhiều cấu tử như các quá trình và thiết bị lọc dầu, các hệ thống tách hỗn hợp khí đã hoá lỏng... | |
| 942 | |2 ddc |c BK | ||
| 952 | |0 0 |1 0 |2 ddc |4 0 |6 660_000000000000000_T513_T_2 |7 0 |9 412 |a 000001 |b 000001 |d 2017-10-04 |o 660 T513/T.2 |p MD.00292 |r 2017-10-04 |v 145000.00 |w 2017-10-04 |y BK | ||
| 952 | |0 0 |1 0 |2 ddc |4 0 |6 660_000000000000000_T513_T_2 |7 0 |9 413 |a 000001 |b 000001 |d 2017-10-04 |o 660 T513/T.2 |p MD.00293 |r 2017-10-04 |v 145000.00 |w 2017-10-04 |y BK | ||
| 952 | |0 0 |1 0 |2 ddc |4 0 |6 660_000000000000000_T513_T_2 |7 0 |9 414 |a 000001 |b 000001 |d 2017-10-04 |o 660 T513/T.2 |p MD.00294 |r 2017-10-04 |v 145000.00 |w 2017-10-04 |y BK | ||
| 980 | |a Thư viện Trường Đại học Nam Cần Thơ | ||